甘肃省市辖区 - Statistics

General Stats
  • This quiz has been taken 17 times
  • The average score is 12 of 16
Answers on the Map
Answers color-coded by a green-red scale on the quiz's map according to % correct below.
 
Answer Stats
Answer % Correct
白银区
100%
凉州区
92%
甘州区
92%
西固区
83%
肃州区
83%
城关区
75%
七里河区
75%
红古区
75%
麦积区
75%
秦州区
75%
崆峒区
75%
金川区
67%
安宁区
58%
安定区
58%
平川区
50%
西峰区
42%
No matching quizzes found
Score Distribution
Percent of People with Each Score
Percentile by Number Answered
Your Score History
You have not taken this quiz